TinkerBell and the pirate fairy (Record no. 127277)

MARC details
000 -LÍDER
campo de controle de tamanho fixo 00720 a2200217 4500
001 - NÚMERO DE CONTROLE
campo de controle 127277
020 ## - ISBN - INTERNATIONAL STANDARD BOOK NUMBER
ISBN - International Standard Book Number 9781472342645
040 ## - FONTE DA CATALOGAÇÃO
Instituição que transcreveu o registro Escola Canadense de Niteroi
090 ## - NÚMERO DE CHAMADA LOCAL
Número de chamada (OCLC) (R); Número de chamada, CALL (RLIN) (NR) T8 - DIS
100 ## - ENTRADA PRINCIPAL--NOME PESSOAL
Nome pessoal Parragon Publishing
245 10 - TÍTULO
Título TinkerBell and the pirate fairy
260 ## - PUBLICAÇÃO, DISTRIBUIÇÃO, ETC.
Local de publicação, distribuição, etc. UK
300 ## - DESCRIÇÃO FÍSICA
Extensão 12 p.
Dimensões 6 x 0.12 x 10.63 inches
362 0# - DATAS DE PUBLICAÇÃO E/OU DESIGNAÇÃO SEQUENCIAL
Datas de publicação e/ou designação sequencial 2014
490 0# - TÍTULO DA SÉRIE
Título da série Tinker Bell
520 ## - NOTA DE RESUMO, ETC
Resumo, etc. Zarina, a dust-keeper fairy, steals the special Blue Dust from Pixie Hollow and joins a pirate gang. Tinker Bell and her friends chase after her, but will they succeed in finding her and returning the Blue Dust to its home?
650 #4 - ASSUNTO--TERMO TÓPICO
Cabeçalho tópico ou nome geográfico Fairies
650 #4 - ASSUNTO--TERMO TÓPICO
Cabeçalho tópico ou nome geográfico Pirates
650 #4 - ASSUNTO--TERMO TÓPICO
Cabeçalho tópico ou nome geográfico Children's Literature
942 ## - ELEMENTOS DE ENTRADA ADICIONADOS (KOHA)
Tipo de material Koha Livros
Holdings
Situação do descarte Situação das perdas Situação física Não pode ser emprestado Biblioteca de origem Biblioteca atual Data de aquisição Total de empréstimos Número de chamada completo Código de barras Data de último acesso Data do preço efetivo Tipo de material Koha
        Canadian School of Niterói - Piratininga Canadian School of Niterói - Piratininga 09/02/2024   T8 - DIS A16942 09/02/2024 09/02/2024 Livros